A study of the Schenactady school system, (Record no. 20912)
[ view plain ]
| 000 -LEADER | |
|---|---|
| fixed length control field | 01217cam a22003011 4500 |
| 001 - CONTROL NUMBER | |
| control field | e 28000145 |
| 003 - CONTROL NUMBER IDENTIFIER | |
| control field | DLC |
| 005 - DATE AND TIME OF LATEST TRANSACTION | |
| control field | 20260227111218.0 |
| 008 - FIXED-LENGTH DATA ELEMENTS--GENERAL INFORMATION | |
| fixed length control field | 801027s1928 nyu 000 0 eng c |
| 010 ## - LIBRARY OF CONGRESS CONTROL NUMBER | |
| LC control number | e 28000145 |
| 035 ## - SYSTEM CONTROL NUMBER | |
| System control number | (OCoLC)6867505 |
| 040 ## - CATALOGING SOURCE | |
| Original cataloging agency | Library, U. S. Bur. of Education |
| Transcribing agency | Vi |
| Modifying agency | Vi |
| -- | DLC |
| 042 ## - AUTHENTICATION CODE | |
| Authentication code | premarc |
| 050 00 - LIBRARY OF CONGRESS CALL NUMBER | |
| Classification number | LA339.S48 |
| Item number | A5 1928 |
| 110 2# - MAIN ENTRY--CORPORATE NAME | |
| Corporate name or jurisdiction name as entry element | University of the State of New York. |
| 245 02 - TITLE STATEMENT | |
| Title | A study of the Schenactady school system, |
| Statement of responsibility, etc. | by the State Education Department. |
| 260 ## - PUBLICATION, DISTRIBUTION, ETC. | |
| Place of publication, distribution, etc. | Albany, |
| Name of publisher, distributor, etc. | University of the State of New York, |
| Date of publication, distribution, etc. | 1928. |
| 300 ## - PHYSICAL DESCRIPTION | |
| Extent | 347 p. incl. tables, charts. |
| Other physical details | plates. |
| Dimensions | 23 cm. |
| 500 ## - GENERAL NOTE | |
| General note | Cover title. |
| 500 ## - GENERAL NOTE | |
| General note | "Prepared by George M. Wiley ... assisted by Ned H. Dearborn ... Warren W. Coxe , ... Frederick R. Rogers ... also department assistants and supervisors."--p. [1] |
| 650 #0 - SUBJECT ADDED ENTRY--TOPICAL TERM | |
| Topical term or geographic name entry element | Education |
| Geographic subdivision | New York (State) |
| -- | Schenectady. |
| 650 #0 - SUBJECT ADDED ENTRY--TOPICAL TERM | |
| Topical term or geographic name entry element | Public schools |
| Geographic subdivision | New York (State) |
| -- | Schenectady. |
| 650 #0 - SUBJECT ADDED ENTRY--TOPICAL TERM | |
| Topical term or geographic name entry element | Educational surveys. |
| 700 1# - ADDED ENTRY--PERSONAL NAME | |
| Personal name | Wiley, George M. |
| Fuller form of name | (George Martin), |
| Dates associated with a name | 1875- |
| 700 1# - ADDED ENTRY--PERSONAL NAME | |
| Personal name | Dearborn, Ned Harland, |
| Dates associated with a name | 1893- |
| 700 1# - ADDED ENTRY--PERSONAL NAME | |
| Personal name | Coxe, Warren W. |
| Fuller form of name | (Warren Winfred), |
| Dates associated with a name | 1886-1956. |
| 700 1# - ADDED ENTRY--PERSONAL NAME | |
| Personal name | Rogers, Frederick Rand, |
| Dates associated with a name | 1894- |
No items available.